000 01557nam0a2200337 4500
001 RU\NLR\BIBL_A\022804351
005 20260517042821.0
010 _bВ пер.
_d1 р. 16 к.
_9500
021 _aRU
_b85-54268
035 _a(NLR Aleph) 022804351
090 _a13704846
_c13704846
100 _a20260512d1984 k y0rusy50 ca
101 0 _arus
102 _aRU
105 _aa z 000 y
181 0 _ai
_baxxe
182 0 _an
200 1 _aПовышение надежности и долговечности трубных колонн
_eсборник научных трудов
_fВНИИ разработки и эксплуатации нефтепромысловых труб
_g[редколлегия: С.М. Данелянц (пред.) и др.]
203 _aТекст
_bвизуальный
_cнепосредственный
210 _aКуйбышев
_cГипровостокнефть
_d1984
215 _a137 с.
_cил.
_d21
320 _aБиблиогр. в конце статей
606 1 _aНефтепромысловые трубы
_jСборники
_xНадежность
_92079795
_3RU\NLR\AUTH\661255692
686 1 _aИ361.087-5-021.1я43
686 1 _aИ131.641,7-51я43
702 1 _aДанелянц
_bС. М.
_gСергей Меликович
_4340
711 0 2 _aВНИИ разработки и эксплуатации нефтепромысловых труб
_cКуйбышев
_9509987
_3RU\NLR\AUTH\8810006252
852 _aNLR
_j85-3/10583
942 _cBOOK
980 _aNB